| 000 | 02048nam a2200349 4500 | ||
|---|---|---|---|
| 003 | DO-SdBNP | ||
| 005 | 20220906083707.0 | ||
| 008 | 191211s2016 dr a b f100 0 spa | ||
| 020 | _a9789945905229 | ||
| 035 | _a | ||
| 040 |
_aBPMSU _bspa _cBPMSU _e |
||
| 042 | _a | ||
| 043 | _a | ||
| 082 |
_a342.7293 _bA516n 2016 _222 |
||
| 100 | 1 |
_aAmiama, Manuel A _d1899-1991 |
|
| 243 | _p | ||
| 245 | 1 | 3 |
_aNotas de derecho constitucional / _cManuel A. Amiama ; edición Raymundo Amaro Guzmán. |
| 250 | _aed. rev. y act. | ||
| 260 |
_aSanto Domingo ; _bTribunal Constitucional, _c2016 |
||
| 300 |
_a265 p. ; _c23 cm |
||
| 490 | 0 | _aClásicos de derecho constitucional | |
| 500 | _aIncluye referencias bibliográficas y notas al pie de las páginas | ||
| 505 | 0 | _aPalabras del magistrado presidente / Dr. Milton Ray Guevara -- Teroría política del Estado -- Concepto general del Estado -- Constitución política -- Evolución histórica del constitucionalismo -- Concepto de soberanía -- Constituciones modernas -- Régimen de los derechos absolutos -- Régimen de los derechos absolutos -- Derechsos políticos -- El sufragio como ejercicio de la soberanía popular -- Representación de la soberanía popular -- Función legislativa -- Procedimiento legislativos -- Plenitud de atribuciones del Congreso en materia legislativa -- La función ejecutiva -- Régimen de sucesión ejecutiva -- La función jurisdiccional de Estado -- La constitución y la economía del Estado -- Administración regional y local -- Las fuerzas armadas -- Reformas constitucionales -- Supremacía de la constitución y de los derechos absolutos -- El Estado contemporáneo y la administración. | |
| 590 | _6Inventariado, 2021/VM | ||
| 651 | 4 |
_aRepública Dominicana _xDerecho constitucional |
|
| 651 | 4 |
_a República Dominicana _xConstitución |
|
| 700 | 1 |
_aRaymundo, Amaro Guzmán. _eed. |
|
| 700 | 1 |
_aMassó Garrote Marcos, _ecoord. |
|
| 710 | 2 | _aTribunal Constitucional (República Dominicana) | |
| 910 | _aVMateo | ||
| 942 |
_2ddc _cBK |
||
| 999 |
_c13432 _d13432 |
||